[Event "Luxembourg-chT 1415"]
[Site "Luxembourg"]
[Date "2015.01.11"]
[Round "5"]
[White "Guidoreni, Jean"]
[Black "Beck, Luc"]
[Result "1-0"]
[WhiteElo "1775"]
[BlackElo "1725"]
[PlyCount "83"]
[EventDate "2014.10.05"]
[EventType "team-tourn"]
[EventRounds "10"]
[EventCountry "LUX"]
[SourceTitle "EXT 2017"]
[Source "ChessBase"]
[SourceDate "2016.10.25"]
[SourceVersion "1"]
[SourceVersionDate "2016.10.25"]
[SourceQuality "1"]

1. e4 d6 2. d4 Nf6 3. Nc3 g6 4. Nf3 Bg7 5. Be2 0-0 6. h3 Nc6 7. Be3 e5 8. d5 Ne7 9. 0-0 Nh5 10. Qd2 c6 11. dxc6 bxc6 12. Rfd1 d5 13. exd5 e4 14. d6 exf3 15. dxe7 Qxe7 16. Bxf3 Bb7 17. Na4 Rfd8 18. Qa5 Be5 19. Rxd8+ Rxd8 20. Qxa7 Nf4 21. Nc5 Qg5 22. Nxb7 Re8 23. Kf1 Qf5 24. Qa4 Nxh3 25. Bg4 Qf6 26. Bxh3 Bxb2 27. Re1 Bc3 28. Re2 Rxe3 29. Rxe3 Bd4 30. Rf3 Qg5 31. Qxd4 Qc1+ 32. Ke2 Qxc2+ 33. Qd2 Qe4+ 34. Re3 Qc4+ 35. Ke1 Qb5 36. Rb3 Qe5+ 37. Kf1 Qa1+ 38. Qe1 Qxa2 39. Nc5 Qc2 40. Rb8+ Kg7 41. Qe5+ Kh6 42. g4 1-0

[Event "Luxembourg-ch"]
[Site "Luxembourg"]
[Date "1999.04.08"]
[Round "6"]
[White "Kneip, Jean Paul"]
[Black "Beck, Luc"]
[Result "1/2-1/2"]
[WhiteElo "1743"]
[BlackElo "1618"]
[PlyCount "26"]
[EventDate "1999.04.03"]
[EventType "swiss"]
[EventRounds "9"]
[EventCountry "LUX"]
[SourceTitle "EXT 2005"]
[Source "ChessBase"]
[SourceDate "2004.11.15"]
[SourceVersion "1"]
[SourceVersionDate "2004.11.15"]
[SourceQuality "1"]

1. e4 d6 2. d4 Nf6 3. Bd3 e5 4. c3 exd4 5. cxd4 c6 6. Nc3 g6 7. f4 Bg7 8. Nf3 Bg4 9. 0-0 0-0 10. h3 Bxf3 11. Qxf3 Qb6 12. Qf2 Nxe4 13. Nxe4 Bxd4 1/2-1/2

[Event "LUX-chABC"]
[Site "Dudelange"]
[Date "1998.04.17"]
[Round "7.21"]
[White "Speksnijder, Robert"]
[Black "Beck, Luc"]
[Result "1-0"]
[WhiteElo "1910"]
[BlackElo "1570"]
[PlyCount "55"]
[EventDate "1998.04.11"]
[EventType "swiss"]
[EventRounds "9"]
[EventCountry "LUX"]
[SourceTitle "EXT 2013"]
[Source "ChessBase"]
[SourceDate "2012.11.22"]
[SourceVersion "1"]
[SourceVersionDate "2012.11.22"]
[SourceQuality "1"]

1. d4 d5 2. c4 e6 3. Nc3 Nf6 4. Bg5 Be7 5. Nf3 Nbd7 6. cxd5 Nxd5 7. Bxe7 Qxe7 8. e4 N5f6 9. Bd3 0-0 10. 0-0 e5 11. d5 Nc5 12. Bc2 b6 13. b4 Nb7 14. a3 Nd6 15. Re1 Bb7 16. Rc1 c6 17. Bb3 Rad8 18. Qc2 b5 19. dxc6 Bxc6 20. Nd5 Bxd5 21. exd5 e4 22. Nd4 Rc8 23. Nc6 Qd7 24. Qe2 a6 25. Qe3 Ng4 26. Qb6 Qb7 27. Qxb7 Nxb7 28. Ne7+ 1-0

[Event "LUX-chABC"]
[Site "Dudelange"]
[Date "1998.04.15"]
[Round "5.20"]
[White "Jeitz, Christian"]
[Black "Beck, Luc"]
[Result "1/2-1/2"]
[WhiteElo "1720"]
[BlackElo "1570"]
[PlyCount "63"]
[EventDate "1998.04.11"]
[EventType "swiss"]
[EventRounds "9"]
[EventCountry "LUX"]
[SourceTitle "EXT 2013"]
[Source "ChessBase"]
[SourceDate "2012.11.22"]
[SourceVersion "1"]
[SourceVersionDate "2012.11.22"]
[SourceQuality "1"]

1. e4 d6 2. d4 Nf6 3. Nc3 g6 4. Bf4 Bg7 5. Qd2 0-0 6. Bh6 Bxh6 7. Qxh6 e5 8. dxe5 dxe5 9. Nf3 Nc6 10. Ng5 Be6 11. Rd1 Nd4 12. Bd3 Qe7 13. a3 Rfd8 14. h4 Qf8 15. Qxf8+ Rxf8 16. Nxe6 Nxe6 17. 0-0 Nf4 18. Rd2 Nxd3 19. Rxd3 c6 20. Rfd1 Rfe8 21. Rd6 Kg7 22. R1d3 Re7 23. Kf1 Ne8 24. Rd7 Rxd7 25. Rxd7 Rb8 26. f3 Kf6 27. Ke2 Ke6 28. Rd1 Nd6 29. b3 b5 30. a4 b4 31. Nb1 f5 32. Nd2 1/2-1/2

[Event "LUX-chABC"]
[Site "Dudelange"]
[Date "1997.03.29"]
[Round "1.28"]
[White "Speksnijder, Robert"]
[Black "Beck, Luc"]
[Result "1-0"]
[WhiteElo "1895"]
[BlackElo "1535"]
[PlyCount "105"]
[EventDate "1997.03.29"]
[EventType "swiss"]
[EventRounds "9"]
[EventCountry "LUX"]
[SourceTitle "EXT 2013"]
[Source "ChessBase"]
[SourceDate "2012.11.22"]
[SourceVersion "1"]
[SourceVersionDate "2012.11.22"]
[SourceQuality "1"]

1. d4 Nf6 2. c4 c5 3. d5 b5 4. cxb5 a6 5. bxa6 Bxa6 6. g3 d6 7. Bg2 g6 8. Nf3 Bg7 9. 0-0 0-0 10. Re1 Nbd7 11. Nc3 Re8 12. Bg5 Rb8 13. Qd2 Qc7 14. e4 e5 15. b3 Rb4 16. Rac1 Reb8 17. Bh6 Ng4 18. Bxg7 Kxg7 19. Qg5 Ngf6 20. Nd2 Rd4 21. Ne2 Bxe2 22. Rxe2 Qa5 23. Nc4 Qa6 24. Rce1 Rd8 25. h4 h6 26. Qe3 Nb6 27. Nxb6 Qxb6 28. Qc3 Qb5 29. a4 Qb4 30. Re3 Qxc3 31. Rxc3 Rb4 32. Ree3 Ng4 33. Red3 Nf6 34. Rc4 Rdb8 35. Rxb4 Rxb4 36. f3 Kf8 37. Rc3 Ke7 38. Bf1 g5 39. hxg5 hxg5 40. g4 Kd7 41. Bc4 Kc7 42. Rc2 Nd7 43. a5 Kb7 44. Rh2 f6 45. Rh7 Kc8 46. Rh8+ Kb7 47. a6+ Kc7 48. a7 Nb6 49. a8Q Nxa8 50. Rxa8 Rb8 51. Ra2 Rh8 52. Ra7+ Kb6 53. Rd7 1-0